| 000 | 00787nam a22002177a 4500 | ||
|---|---|---|---|
| 003 | OSt | ||
| 005 | 20250729041137.0 | ||
| 008 | 250619b |||||||| |||| 00| 0 eng d | ||
| 020 | _a978-621-427-238-9 | ||
| 040 |
_aDWCL - Main lib _cOC |
||
| 082 | _aFil. 001.42 F634m 2025 | ||
| 100 | _aFlores, Marivic Francisco | ||
| 245 |
_aMethods of research in business education : _bIMRAD aligned chapter-base format/ _cMarivic Francisco Flores |
||
| 250 | _aThird edition | ||
| 260 |
_aManila, Philippines : _bUnlimited books library services & Publishing, _cc2025. |
||
| 300 |
_aviii, 230 pages : _billustrations ; _c23cm. |
||
| 504 | _aIncludes bibliography. | ||
| 650 | _a1. Research method | ||
| 650 | _a2. Academic writing-- IMRAD | ||
| 942 |
_2ddc _cBK - FIL _eThird edition _kFil. _n0 |
||
| 999 |
_c3160 _d3160 |
||